| 000 | 01030nam a2200301Ka 4500 | ||
|---|---|---|---|
| 005 | 20170608110302.0 | ||
| 008 | 151110s2012 ag a frb 001 0 spa d | ||
| 020 | _a9789876011822 | ||
| 020 | _a9876011820 | ||
| 035 | _a(OCoLC)882508413 | ||
| 040 |
_aCo-BoUCM _bspa _cSaul Niño _dSaul Niño |
||
| 100 | 1 |
_aMazzone, Daniel _973404 |
|
| 245 | 1 | 0 |
_aHuffington Post vs. New York Times _b¿Qué ciberperiodismo? _cDaniel Mazzone |
| 260 |
_aBuenos Aires (Argentina) _bLa Crujía _c2012 |
||
| 300 |
_a246 páginas _bilustraciones |
||
| 490 | 0 | _aInclusiones | |
| 504 | _aIncluye referencias bibliográficas e índices | ||
| 650 | 7 |
_aPeriódicos _921339 |
|
| 650 | 7 |
_aPeriodismo electrónico _921348 |
|
| 650 | 7 |
_aPeriodismo _921340 |
|
| 650 | 7 |
_aPeriodismo digital _921347 |
|
| 650 | 7 |
_aRevistas _923758 _xInnovaciones tecnológicas |
|
| 650 |
_aPeriodismo en internet _921349 |
||
| 690 |
_942898 _aPeriodismo |
||
| 942 |
_2DEWEY _a24 _cLIBRO _e1 _h070.4 _mM478hu |
||
| 041 | _aspa | ||
| 999 |
_c301832 _d301832 |
||